Seminario: Gasto en defensa

-д хадгалсан:
Номзүйн дэлгэрэнгүй
Байгууллагын зохиогч: Armada de Chile (Зохиогч)
Формат: Ном
Хэл сонгох:испани
Хэвлэсэн: Valparaíso Servicio Hidrográfico y Oceanográfico de la Armada 2002
Нөхцлүүд:
Шошгууд: Шошго нэмэх
Шошго байхгүй, Энэхүү баримтыг шошголох эхний хүн болох!

MARC

LEADER 00000nam a2200000 a 4500
001 UCM6489
003 CL-VaPUC
005 20230519074543.0
008 021108e20020000cl 1 spa d
082 0 4 |a 355.622  |b ARM  |2 21 
110 2 |a Armada de Chile  |e author  |9 620197 
245 1 0 |a Seminario: Gasto en defensa 
260 |a Valparaíso  |b Servicio Hidrográfico y Oceanográfico de la Armada  |c 2002 
300 |a 87 p 
583 |a last modification  |c 20190822 01:26:54  |k Rodrigo Vera 
650 0 0 |a Administración militar  |9 420274 
650 0 0 |a Seguridad nacional  |9 317752 
650 0 0 |a Administración financiera  |9 261146 
650 0 7 |a PRESUPUESTO NACIONAL  |2 CL-VaPUC  |9 338436 
650 0 7 |a POLITICA DE DEFENSA  |2 CL-VaPUC  |9 336840 
651 7 |a CHILE  |2 CL-VaPUC  |9 620198 
942 |c BK 
945 |a cmena  |d 20021108 00:00:00 
546 |a En Español 
536 |a Armada de Chile 
518 |p Gasto en Defensa, 1, Valparaíso, 6 de agosto de 2002 
999 |c 383813  |d 383811 
952 |0 0  |1 0  |2 ddc  |4 0  |6 355_622000000000000_ARM_2002  |7 0  |8 A  |9 506088  |a BIBDER  |b BIBDER  |d 2020-01-23  |i 385566K  |o 355.622 ARM 2002  |p 385566K  |r 2023-01-25  |w 2020-01-23  |y MX  |k DER